thank u, next - Ariana Grande (All Lyrics) - Statistics

General Stats
  • This quiz has been taken 194 times
  • The average score is 308 of 415
Answer Stats
Lyrics % Correct
I
99%
a
95%
so
95%
so,
95%
i'm
94%
an
93%
for
93%
next
92%
(next)
92%
next)
92%
was
92%
and
91%
but
91%
me
91%
no
90%
sean
90%
with
89%
he
88%
ex
87%
match
87%
up
87%
wasn't
87%
angel
86%
end
86%
got
86%
love
86%
(love)
86%
my
86%
ricky
86%
some
86%
to
86%
on
85%
thankyou
85%
thankyou,
85%
(thankyou
85%
though
85%
now
84%
now,
84%
about
83%
'cause
83%
fuckin'
83%
i'd
83%
one
83%
say
83%
song
83%
(song
83%
thankful
83%
thought
83%
laugh
81%
listen
81%
married
81%
taught
81%
that,
81%
that
81%
wrote
81%
grateful
80%
pete,
80%
songs
80%
amazing
78%
amazing)
78%
even
78%
patience
78%
(patience)
78%
you
77%
what
76%
see
75%
wish
75%
could
74%
i've
73%
last
73%
look
73%
not
73%
pain
73%
(pain)
73%
that's
72%
is
71%
she
68%
the
68%
be
65%
loved
65%
lost
64%
it
63%
we
63%
malcolm
62%
ari
60%
this
60%
name
58%
dad
57%
her
57%
shit
55%
from
54%
i'll
54%
do
53%
gon'
53%
too
53%
drama
52%
mama
52%
good
51%
friends
50%
fast
48%
they
48%
time
48%
'bout
47%
move
47%
grew
46%
(yeah,
46%
yeah)
46%
know
45%
shit's
45%
walk
45%
holding
44%
someone
44%
day
43%
down
43%
spend
43%
ain't
42%
aisle
42%
better
42%
discussions
42%
hands
42%
met
42%
much
42%
thanking
42%
else
41%
handles
41%
need
41%
nothin'
41%
searching
41%
havin'
40%
make
38%
worried
38%
smash
37%
smash)
37%
learned
36%
plus,
36%
real
36%
bad
35%
found
34%
God
33%
happens
32%
once,
32%
only
32%
something
32%
wanna
32%
forbid
31%
'least
30%
more
30%
out
27%
turned
24%
(turned
24%
(said
20%
said
20%
yuh,
20%
yuh
20%
how
18%
most
12%
she's
12%
yee
12%
(uh)
9%
No matching quizzes found
Score Distribution
Percent of People with Each Score
Percentile by Number Answered
Your Score History
You have not taken this quiz